Fr. Joseph L. Bates, SVD : (Record no. 8666)

MARC details
000 -LEADER
fixed length control field 00760nam a22002177a 4500
003 - CONTROL NUMBER IDENTIFIER
control field OSt
005 - DATE AND TIME OF LATEST TRANSACTION
control field 20260306030121.0
008 - FIXED-LENGTH DATA ELEMENTS--GENERAL INFORMATION
fixed length control field 260306b |||||||| |||| 00| 0 eng d
020 ## - INTERNATIONAL STANDARD BOOK NUMBER
International Standard Book Number 9789715103442
040 ## - CATALOGING SOURCE
Original cataloging agency DWCL - Main Lib.
Transcribing agency OC
082 ## - DEWEY DECIMAL CLASSIFICATION NUMBER
Classification number SC 922 C231f 2026
100 ## - MAIN ENTRY--PERSONAL NAME
Personal name Cantilado, Nielo M., SVD
245 ## - TITLE STATEMENT
Title Fr. Joseph L. Bates, SVD :
Remainder of title the quiet shepherd /
Statement of responsibility, etc. Nielo M. Cantilado, SVD
260 ## - PUBLICATION, DISTRIBUTION, ETC.
Place of publication, distribution, etc. Manila :
Name of publisher, distributor, etc. Logos Publications,
Date of publication, distribution, etc. c2026.
300 ## - PHYSICAL DESCRIPTION
Extent 155 pages :
Other physical details illustrations ;
Dimensions 23cm.
504 ## - BIBLIOGRAPHY, ETC. NOTE
Bibliography, etc. note Includes appendix and index.
650 ## - SUBJECT ADDED ENTRY--TOPICAL TERM
Topical term or geographic name entry element 1. Bates, Joseph L., SVD -- Biography.
650 ## - SUBJECT ADDED ENTRY--TOPICAL TERM
Topical term or geographic name entry element 2. Catholic church -- Clergy -- Philippines -- Biography.
650 ## - SUBJECT ADDED ENTRY--TOPICAL TERM
Topical term or geographic name entry element 3. Missionaries -- Philippines -- Biography.
942 ## - ADDED ENTRY ELEMENTS (KOHA)
Source of classification or shelving scheme Dewey Decimal Classification
Koha item type Special Collection
Suppress in OPAC No
952 ## - LOCATION AND ITEM INFORMATION (KOHA)
--
952 ## - LOCATION AND ITEM INFORMATION (KOHA)
--
952 ## - LOCATION AND ITEM INFORMATION (KOHA)
--
952 ## - LOCATION AND ITEM INFORMATION (KOHA)
--
952 ## - LOCATION AND ITEM INFORMATION (KOHA)
--
Holdings
Withdrawn status Lost status Source of classification or shelving scheme Damaged status Not for loan Home library Current library Shelving location Date acquired Source of acquisition Total Checkouts Full call number Barcode Date last seen Copy number Price effective from Koha item type Uniform Resource Identifier Cost, normal purchase price
    Dewey Decimal Classification     College Library College Library Special Collection 02/26/2026 School Fund   SC. 922 C231f 2026 CL54678 03/10/2026 c4 03/10/2026 SC 935.00
    Dewey Decimal Classification     College Library College Library Special Collection 02/26/2026 School Fund   SC. 922 C231f 2026 CL54679 03/10/2026 c5 03/10/2026 SC 935.00
    Dewey Decimal Classification     Grade School Library Grade School Library Special Collection 02/27/2026 School Fund   SC. 922 C231f 2026 CL23987 03/10/2026 c3 03/10/2026 SC 935.00
    Dewey Decimal Classification     Junior High School Library Junior High School Library Special Collection 02/27/2026 Donation   SC 922 C231f 2026 JHS - 21544 03/06/2026 c1 03/06/2026 SC  
    Dewey Decimal Classification     Junior High School Library Junior High School Library Special Collection 02/27/2026 Donation   SC 922 C231f 2026 JHS - 21545 03/06/2026 c2 03/06/2026 SC